书目信息 |
| 题名: |
药物合成技巧与策略
|
|
| 作者: | 刘宏民 , 杨华 主编 | |
| 分册: | ||
| 出版信息: | 郑州 河南科学技术出版社 2020.01 |
|
| 页数: | 376页 | |
| 开本: | 29cm | |
| 丛书名: | ||
| 单 册: | ||
| 中图分类: | TQ460.31 | |
| 科图分类: | ||
| 主题词: | 药物化学--yao wu hua xue--有机合成 | |
| 电子资源: | ||
| ISBN: | 978-7-5349-7568-4 | |
| 000 | 00954nam0 2200253 450 | |
| 001 | 0109110136 | |
| 005 | 20201109110336.0 | |
| 010 | @a978-7-5349-7568-4@b精装@dCNY199.00 | |
| 100 | @a20200513d2020 em y0chiy50 ea | |
| 101 | 0 | @achi |
| 102 | @aCN@b410000 | |
| 105 | @ay z 000yy | |
| 106 | @ar | |
| 200 | 1 | @a药物合成技巧与策略@Ayao wu he cheng ji qiao yu ce lve@f刘宏民, 杨华主编 |
| 210 | @a郑州@c河南科学技术出版社@d2020.01 | |
| 215 | @a376页@d29cm | |
| 300 | @a河南省基础与前沿技术研究计划项目 | |
| 330 | @a本书简要介绍了药物合成的理念、基础知识,重点介绍了药物合成中的技巧和策略,对药物合成相关专业人员具有一定的指导意义。作者通过大量化学式、分子式,详细介绍了药物合成中的具体知识对专业人员来说具有较强的实用性。 | |
| 606 | 0 | @a药物化学@Ayao wu hua xue@x有机合成 |
| 690 | @aTQ460.31@v5 | |
| 701 | 0 | @a刘宏民@Aliu hong min@4主编 |
| 701 | 0 | @a杨华@Ayang hua@4主编 |
| 801 | 0 | @aCN@bBJSZM@c20201103 |
| 905 | @b1213554-5@dTQ460.31@e121@f2 | |
| 药物合成技巧与策略/刘宏民, 杨华主编.-郑州:河南科学技术出版社,2020.01 |
| 376页;29cm |
| 河南省基础与前沿技术研究计划项目 |
| ISBN 978-7-5349-7568-4(精装):CNY199.00 |
| 本书简要介绍了药物合成的理念、基础知识,重点介绍了药物合成中的技巧和策略,对药物合成相关专业人员具有一定的指导意义。作者通过大量化学式、分子式,详细介绍了药物合成中的具体知识对专业人员来说具有较强的实用性。 |
| ● |
| 相关链接 |
|
|
|
|
正题名:药物合成技巧与策略
索取号:TQ460.31/121
 
预约/预借
| 序号 | 登录号 | 条形码 | 馆藏地/架位号 | 状态 | 备注 |
| 1 | 1213554 | 212135544 | 第二样本阅览室/ [索取号:TQ460.31/121] | 在馆 | |
| 2 | 1213555 | 212135553 | 第三借阅区/ [索取号:TQ460.31/121] | 在馆 |